Tratado práctico de refrigeración automática / (Record no. 20985)

MARC details
000 -LEADER
campo de control de longitud fija 00523nam a2200169 i 4500
001 - NÚMERO DE CONTROL
campo de control 20985
003 - IDENTIFICADOR DE NÚMERO DE CONTROL
campo de control ES-MaACL
005 - FECHA Y HORA DE LA ÚLTIMA TRANSACCIÓN
campo de control 20230906152410.0
007 - CAMPO FIJO DE DESCRIPCIÓN FÍSICA--INFORMACIÓN GENERAL
campo de control de longitud fija t|
008 - DATOS DE LONGITUD FIJA--INFORMACIÓN GENERAL
campo de control de longitud fija 021120s1971 sp ||||1| spa d
100 1# - ENTRADA PRINCIPAL--NOMBRE DE PERSONA
Nombre de persona Alarcón Creus, José.
9 (RLIN) 19139
245 10 - MENCIÓN DEL TÍTULO
Título Tratado práctico de refrigeración automática /
Mención de responsabilidad, etc. José Alarcón Creus.
250 ## - MENCION DE EDICION
Mención de edición 6ª ed., ampl. y puesta al día.
260 ## - PUBLICACIÓN, DISTRIBUCIÓN, ETC.
Lugar de publicación, distribución, etc. Barcelona :
Nombre del editor, distribuidor, etc. Marcombo,
Fecha de publicación, distribución, etc. [1971]
300 ## - DESCRIPCIÓN FÍSICA
Extensión 378 p. :
Otras características físicas 5 h. pleg., il. ;
Dimensiones 25 cm.
852 ## - LOCALIZACIÓN
Ubicación ES-MaACL
Número de control de estantería C-53280
Sublocalización o colección R.91704
Holdings
Estatus retirado Estado de pérdida Estado de daño No para préstamo Biblioteca de origen Biblioteca actual Ubicación en estantería Fecha de adquisición Fuente de adquisición Total de préstamos Signatura topográfica completa Código de barras Visto por última vez Precio de reemplazo Tipo de ítem Koha
        Biblioteca del Ateneo de Madrid Biblioteca del Ateneo de Madrid Depósito 2 17/01/2008     C-53280 1021551 23/02/2023 23/02/2023 Libro impreso